1345 1141 1899 1694 1956 1170 1233 1051 1427 1068 1626 1870 1236 1085 1529 1737 1378 1017 1297 1139 1401 1071 1059 1637 1887 1886 1471 1529 1718 1629 1410 1119 1244 1064 1849 1794 1513 1886 1989 1058 1227 1388 1700 1405 1531 1664 1400 1729 1922 1185 1997 1020 1844 1082 1428 1707 1085 1353 1011 1203 1793 1483 1652 1838 1004 1343 1002 1510 1270 1678 1734 1354 1479 1605 1466 1032 1676 1452 1728 1900 1313 1733 1607 1160 1836 1575 1222 1389 1636 1192 1802 1360 1741 1805 1101 1200 1948 1729 1175 BCNSPRNW ULIB Ver.6.0+V

เปลี่ยนเป็นภาษาไทย

Change to English
 แสดงรายละเอียดบรรณานุกรม
  กลับหน้าหลัก

Brief Record : Get Marc (ISO 2709) : E-mail record : QR code < ปิดหน้าต่าง
LEADER : 00000nam 2200000uu 4500
001    13399113635
003     ULIB
008    110627s2551||||th 000 0 tha d
020    9789740435709
090    นว.^bส988ม 2551
100 0  โสภี พรรณราย
245 00 มนตราเงินตรา/^cโสภี พรรณราย
250    พิมพ์ครั้งที่ 1
260    กรุงเทพฯ :^bบิวตี้บุ๊ค,^c2551
300    428 หน้า
710 1  บิวตี้บุ๊ค
945    ^p270^l0^i023604
995    ทศพร
999 ^a ใช้งานได้ทุกระบบ
รายการนี้ยังไม่มีแท็ก
คุณยังไม่ได้ล็อกอิน คุณสามารถมีกิจกรรมร่วมกับเว็บไซต์ได้ แต่ต้องล็อกอินก่อน ::
  ล็อกอิน

รายการสื่อสารสนเทศ

ลำดับที่ ประเภท เลขเรียก/บาร์โค้ด สถานที่ สถานะ
1. นวนิยาย
นวนิยาย
นว. ส988ม 2551 ฉ.1 
  Barcode: 023604
ห้องสมุดวิทยาเขตสวรรค์ประชารักษ์
►นวนิยาย
บนชั้น
  ขอยืม

รายการใกล้เคียง
    ผู้แต่ง [โสภี พรรณราย]

BibComment


ยังไม่เคยถูกคอมเมนท์

คอมเมนท์ทรัพยากรรายการนี้
  คอมเมนท์: มนตราเงินตรา โสภี..


 Copyright 2026. Bcnsprnw @Library